Horror Movie Villains - Statistics

General Stats
  • This quiz has been taken 52 times
  • The average score is 8 of 9
Answer Stats
Hint Answer % Correct
JawsThe Meg Deep Blue Sea Sharks
100%
ArachnophobiaEight-Legged Freaks Sting Spiders
100%
28 days laterTrain To Busan World War Z Zombies
100%
ItDrive Thru Terrifier Clowns
96%
The Haunting Poltergeist The Excorcist Ghosts
96%
PredatorA Quiet Place The Thing Aliens
89%
M3GANChopping Mall Death Machine Robots
85%
Friday The 13thA Nightmare On Elm Street Child's Play Slashers
79%
The ConjuringEnd Of Days Evil Dead Demons
70%
No matching quizzes found
Score Distribution
Percent of People with Each Score
Percentile by Number Answered
Your Score History
You have not taken this quiz